films par métiers #12 - Statistiques

Statistiques générales
  • Ce quiz a été pris 61 fois
  • Le résultat moyen est 9 sur 20
Statistiques - réponses
Hint Réponse % Correct
Lieutenant (Dan Taylor) Forrest Gump (1994)
68%
Astronaute et Botaniste (Mark Watney) Seul Sur Mars (2015)
66%
"Guérissologue" (Pierre) RRRrrrr (2004)
62%
Fabricant de "réplicants" (Niander Wallace) Blade Runner 2049 (2017)
60%
Pharmacien (Monsieur Poinsot) Le Père Noël est une ordure (1982)
60%
Chauffeur/Doublure/Cascadeur (Cliff Booth) Once upon a Time ...in Hollywood (2019)
57%
Présentateur d'un talk show (Murray Franklin) Joker (2019)
53%
Directeur d'une boîte de Nuit/Cabaret (Renato Baldi) La Cage aux Folles (1978)
51%
Experte en linguistique comparée (Louise Banks) Premier Contact/Arrival (2016)
43%
Acteur (Michel Blanc lui-même) Grosse Fatigue (1994)
42%
Capitaine (Philippe Boulier dit "Le Squale") L'Opération Corned Beef (1991)
40%
Animateur du jeu TV L'Affaire est dans le sac (Jacques Belin) Nuit d'Ivresse (1986)
40%
Chercheur d'Or (Jack Conroy) Croc Blanc (1991)
38%
Scientifique/Chercheuse pour le SETI (Dr Eleanor Ann "Elie" Arroway Contact (1997)
36%
Tenancier de Bar (Fat Moe Gelly) Il était une Fois en Amérique (1984)
36%
Chanteuse de cabaret (Tina Carlyle) The Mask (1994)
26%
Assistante du sénateur Charles Palantine (Betsy) Taxi Driver (1976)
23%
Marshal (James Strickland) Retour Vers le Futur 3 (1990)
21%
Boutiquier (Tony Manero) La Fièvre du Samedi Soir (1977)
17%
Propriétaire d'un hôtel (Miss Floom) Babe Le Cochon dans la Ville (1998)
15%
Aucun quiz correspondant
Distribution des résultats
% des personnes avec chaque résultat
Percentile par nombre de réponses
Votre historique - résultats
Vous n’avez pas pris ce quiz